[Event "Basel op"]
[Site "Basel"]
[Date "2020.01.02"]
[Round "1"]
[White "Dittmar, Peter"]
[Black "Rohde, Bernhard"]
[Result "1-0"]
[WhiteElo "2226"]
[BlackElo "1669"]
[PlyCount "79"]
[EventDate "2020.01.02"]
[EventType "swiss"]
[EventRounds "7"]
[EventCountry "SUI"]
[SourceTitle "CBM 194 Extra"]
[Source "ChessBase"]
[SourceDate "2020.03.31"]
[SourceVersion "1"]
[SourceVersionDate "2020.03.31"]
[SourceQuality "1"]

1. d4 e6 2. c4 f5 3. g3 Nf6 4. Bg2 c6 5. Nh3 Be7 6. Nc3 0-0 7. d5 cxd5 8. cxd5 exd5 9. Nxd5 h6 10. Nhf4 Kh7 11. h4 Bc5 12. b4 Bb6 13. Bb2 Ng4 14. e3 Nc6 15. Qc2 Rf7 16. Bh3 Nce5 17. Bxe5 Nxe5 18. Bxf5+ Kg8 19. Bh7+ Kh8 20. Ng6+ Nxg6 21. Bxg6 Rf8 22. h5 d6 23. Rh4 Be6 24. Nxb6 Qxb6 25. Rd1 Rac8 26. Qd2 d5 27. Rd4 Rc4 28. Rxc4 dxc4 29. Qd6 Rc8 30. Qxb6 axb6 31. Rd6 Bg4 32. Kd2 b5 33. Kc3 Bf3 34. e4 Kg8 35. Rd7 Rb8 36. Rd5 Bg4 37. Rxb5 Be6 38. Re5 Bf7 39. Bxf7+ Kxf7 40. Kxc4 1-0